000 00590nam a2200205Ia 4500
005 20250923145344.0
008 008 250917s9999 xx 000 0 eng d
037 _aTextual
040 _aDSWL
_beng
_cDSWL
041 _aeng
_2eng
084 _aY73(Q8451)u45, N35
_qDSWL
100 _aSanjana, J.B.
_9834417
245 0 _aAncient persia and the parsis
_c by J.B. Sanjana
260 _aBombay
_bParri Colony, Dadat
_c1935
300 _axiip.
365 _aINR
_b8 . 0
925 _g8 . 0
942 _cTEXL
_hY73(Q8451)u45, N35
999 _c1450378
_d1450378